The knot tied. Marriage ceremonies of all nations. Collected and arranged by William Tegg, F.R.H.S.

Gardado en:
Detalles Bibliográficos
Autor Principal: Tegg, William (Author)
Formato: Libro
Idioma:inglés
Publicado: Londres William Tegg & Co. 1877
Edición:1a. ed
Subjects:
Tags: Engadir etiqueta
Sen Etiquetas, Sexa o primeiro en etiquetar este rexistro!

MARC

LEADER 00000nam a2200000 a 4500
001 UCJ6970
003 CL-VaPUC
008 070124e18770000UK |||||||||||||||||eng|d
082 0 4 |a 392  |b TEG  |2 21 
100 0 |a Tegg, William  |e author  |9 514706 
245 1 4 |a The knot tied. Marriage ceremonies of all nations. Collected and arranged by William Tegg, F.R.H.S. 
250 |a 1a. ed 
300 |a 410 p 
942 |c BK 
945 |d 20070124 00:00:00  |a rinostro 
260 |a Londres  |b William Tegg & Co.  |c 1877 
500 |a 8§, tela, plancha dorada.- Front.: Procesión matrimonial medieval.- Anteportada dentro de orla.- Port.- v. en b.- 
650 7 |a MATRIMONIO  |2 CL-VaPUC  |9 514707 
650 0 |a Cultura  |9 269059 
650 7 |a FOLKLORE  |2 CL-VaPUC  |9 268291 
650 7 |a LEYENDAS  |2 CL-VaPUC  |9 265258 
650 7 |a TRADICIONES  |2 CL-VaPUC  |9 367367 
583 |a last modification  |c 20070124 00:00:00  |k Rodrigo Vera 
999 |c 323072  |d 323070 
952 |0 0  |1 0  |4 0  |6 392_000000000000000_TEG_1877  |7 0  |8 X  |9 402318  |a FDOBUD  |b FDOBUD  |d 2019-11-22  |i 1055739  |o 392 TEG 1877  |p 1055739  |r 2019-11-22  |w 2019-11-22  |y BK_X  |k BUD